000 00747cam a2200241 a 4500
001 4854575
003 OSt
005 20160127092151.0
008 930211s1993 nyua b 001 0 eng
010 _a 91067492
020 _a0879015004
040 _aSEKU
050 0 0 _aQP 514.2
_b.L4 1982
100 1 _aLehninger, Albert L.
245 1 0 _aPrinciples of biochemistry
_cAlbert L. Lehninger, David L. Nelson, Michael M. Cox.
260 _aNew York, NY :
_bWorth Publishers,
_cc1982.
300 _axli, 1013, [77] p. :
_bill. (some col.) ;
_c29 cm.
504 _aIncludes bibliographical references and index.
650 0 _aBiochemistry.
700 1 _aNelson, David L.
_q(David Lee),
_d1942-
700 1 _aCox, Michael M.
942 _2lcc
_cGEN
999 _c10025
_d10025